00470pab a2200157 454500008004000000100002100040245004500061260000900106300001200115362001400127650002300141773001700164909001000181999001700191952010400208180718b1983 xxu||||| |||| 00| 0 eng d aChatterjee, Debi aAfrican socialismbNew road to socialism c1983 a598-608 aApr.-June aSocialism - Africa aIDSA Journal a18398 c18398d18398 00104070aIIPAbIIPAd2018-07-19hVolume no: 15, Issue no: 4pAR18460r2018-07-19w2018-07-19yAR